000 01052nam a22002537a 4500
005 20250612111546.0
010 _aENG-118410 B-663883 ENG-145330
020 _a9788178244686
_c895.00
035 _aB-647735-740
035 _aEN-101942
035 _aEN-128862
035 _aB-663883
037 _aDPL
_bB.W.
037 _bDBAD/PUB
082 _a891.4312
100 _aHess, Linda
_981915
245 _aBodies of song :
_c by Linda Hess
_bKabir oral traditions and preformative worlds in north India /
260 _aRanikhet
_bPermanent Black
_c2015
270 _a'Himalayana',Mall Road,Ranikhet Cantt,
_bRanykhet
_e263645
300 _a467p.
_b23cm.(HB)
942 _2ddc
_cEN
_mHES
_h891.4312
999 _c102260
_d102260